Claudius Claudianus versei
Elmentve itt :
| Szerző: | |
|---|---|
| További közreműködők: | |
| Adatforrás: | Philobibl |
| Dokumentumtípus: | Könyv |
| Nyelv: | magyar |
| Megjelent: |
Budapest
Európa
1988
|
| Sorozat: | Az ókori irodalom kiskönyvtára
|
| LEADER | 00568cam a2200169 cr4500 | ||
|---|---|---|---|
| 001 | bibPHI0039045 | ||
| 005 | 20200924124116.2 | ||
| 008 | 940509t19881988hu 000 1 hun d | ||
| 100 | 1 | |a Claudianus, Claudius | |
| 245 | 1 | 0 | |a Claudius Claudianus versei |c [vál., ford., az utószót és a jegyzeteket írta Mezei Balázs] |
| 246 | 1 | 3 | |a Claudianus versei (cvált.) |
| 260 | |a Budapest |b Európa |c 1988 | ||
| 300 | |a 348 p. | ||
| 490 | 1 | |a Az ókori irodalom kiskönyvtára | |
| 500 | |a Borítócím: |a Claudianus versei | ||
| 700 | 1 | |a Mezei Balázs | |
| 830 | 3 | |a Az ókori irodalom kiskönyvtára | |